000 00592nam a2200169Ia 4500
008 150121s9999 xx 000 0 und d
020 _a2244-1867
245 _aIAMURE :
_bInternational Journal of Lesbian, Gay, Bisexual and Transgender Studies /
_h[electronic resource]
260 _bInternational Association of Multidisciplinary Research,
_c2014.
516 _aElectronic text
650 _aHealth Education.
650 _aPsychology.
650 _aSocial Science.
830 _aPhilippine E-Journals
856 _uhttp://www.ejournals.ph/index.php?journal=IAMURE-LGBT
942 _cEJ
999 _c277023
_d277023